Kraje świata bez mapy - Statystyki

Ogólne statystyki
  • Ten quiz został rozwiązany 96 razy
  • Średni wynik to 128 z 193
Statystyki odpowiedzi
Państwa
% Poprawnych
Polska
87%
Rosja
87%
Belgia
85%
Argentyna
83%
Austria
83%
Niemcy
83%
Stany Zjednoczone
83%
Szwecja
83%
Hiszpania
81%
Holandia
81%
Kanada
81%
Norwegia
81%
Andora
80%
Australia
80%
Białoruś
80%
Słowacja
80%
Wielka Brytania
80%
Albania
78%
Brazylia
78%
Chiny
78%
Czechy
78%
Finlandia
78%
Francja
78%
Litwa
78%
Chorwacja
76%
Grecja
76%
Łotwa
76%
Meksyk
76%
Portugalia
76%
Szwajcaria
76%
Ukraina
76%
Angola
74%
Bułgaria
74%
Chile
74%
Estonia
74%
Japonia
74%
Panama
74%
Afganistan
72%
Algieria
72%
Antigua i Barbuda
72%
Egipt
72%
Islandia
72%
Korea Północna
72%
Korea Południowa
72%
Peru
72%
Republika Południowej Afryki
72%
Słowenia
72%
Watykan
72%
Arabia Saudyjska
70%
Bośnia i Hercegowina
70%
Dania
70%
Indie
70%
Izrael
70%
Macedonia Północna
70%
Maroko
70%
Monako
70%
Nowa Zelandia
70%
Pakistan
70%
Serbia
70%
Włochy
70%
Czad
69%
Dominika
69%
Dominikana
69%
Irak
69%
Iran
69%
Irlandia
69%
Kolumbia
69%
Luksemburg
69%
Madagaskar
69%
Mołdawia
69%
Niger
69%
Republika Zielonego Przylądka
69%
San Marino
69%
Węgry
69%
Armenia
67%
Czarnogóra
67%
Demokratyczna Republika Konga
67%
Eswatini
67%
Gwatemala
67%
Jamajka
67%
Jemen
67%
Kenia
67%
Kostaryka
67%
Libia
67%
Mauritius
67%
Nigeria
67%
Oman
67%
Palau
67%
Rumunia
67%
Salwador
67%
Surinam
67%
Uzbekistan
67%
Wenezuela
67%
Azerbejdżan
65%
Belize
65%
Ekwador
65%
Gruzja
65%
Gujana
65%
Haiti
65%
Indonezja
65%
Malediwy
65%
Saint Lucia
65%
Seszele
65%
Syria
65%
Tadżykistan
65%
Togo
65%
Urugwaj
65%
Wietnam
65%
Wyspy Świętego Tomasza i Książęca
65%
Zjednoczone Emiraty Arabskie
65%
Barbados
63%
Bhutan
63%
Brunei
63%
Fidżi
63%
Gwinea
63%
Gwinea Równikowa
63%
Honduras
63%
Jordania
63%
Komory
63%
Kongo
63%
Liban
63%
Malezja
63%
Mauretania
63%
Paragwaj
63%
Tajlandia
63%
Turkmenistan
63%
Boliwia
61%
Botswana
61%
Burundi
61%
Cypr
61%
Bahrajn
61%
Erytrea
61%
Gwinea Bissau
61%
Kazachstan
61%
Kirgistan
61%
Kuba
61%
Lesotho
61%
Mongolia
61%
Nikaragua
61%
Papua-Nowa Gwinea
61%
Senegal
61%
Sudan
61%
Sudan Południowy
61%
Tanzania
61%
Tonga
61%
Trynidad i Tobago
61%
Tunezja
61%
Turcja
61%
Wybrzeże Kości Słoniowej
61%
Wyspy Marshalla
61%
Wyspy Salomona
61%
Bahamy
59%
Bangladesz
59%
Benin
59%
Etiopia
59%
Grenada
59%
Liberia
59%
Mikronezja
59%
Mjanma
59%
Namibia
59%
Nepal
59%
Saint Vincent i Grenadyny
59%
Singapur
59%
Filipiny
57%
Gabon
57%
Gambia
57%
Laos
57%
Malawi
57%
Mozambik
57%
Saint Kitts i Nevis
57%
Samoa
57%
Somalia
57%
Sri Lanka
57%
Timor Wschodni
57%
Tuvalu
57%
Zambia
57%
Zimbabwe
57%
Ghana
56%
Katar
56%
Malta
56%
Nauru
56%
Rwanda
56%
Sierra Leone
56%
Uganda
56%
Burkina Faso
54%
Dżibuti
54%
Kambodża
54%
Kamerun
54%
Kuwejt
54%
Mali
54%
Kiribati
52%
Republika Środkowoafrykańska
52%
Vanuatu
52%
Nie znaleziono quizów pasujących do podanych kryteriów
Rozkład punktacji
Procent ludzi z każdym wynikiem
Percentyl według liczby udzielonych odpowiedzi
Twoja historia wyników
Nie rozwiązałeś tego quizu